00439nam a2200121Ia 4500008004100000041000800041082001700049100001800066245016800084260002900252300001900281999001700300241015s9999 xx 000 0 und d aeng a332.6323 JAM aJames Jessica aInflation-Linked Bonds And Derivatives: Investing, Hedging And Valuation Principles For Practitioners Investing, Hedging And Valuation Principles For Practitioners bDe GruyteraBostonc2022 a118;. P. 22 cm c41711d41711